[Event "GER GM07-B email"]
[Site "GER email"]
[Date "2018.06.19"]
[Round "?"]
[White "Bubir, Alex Nikolaevich"]
[Black "Copar, Anton"]
[Result "1/2-1/2"]
[WhiteElo "2536"]
[BlackElo "2527"]
[PlyCount "73"]
[EventDate "2018.??.??"]
[EventType "tourn (corr)"]
[EventRounds "13"]
[EventCountry "GER"]
[SourceTitle "Corr 2020"]
[Source "ChessBase"]
[SourceDate "2019.09.30"]
[SourceVersion "1"]
[SourceVersionDate "2019.09.30"]
[SourceQuality "1"]

1. e4 e5 2. Nf3 Nf6 3. Nxe5 d6 4. Nf3 Nxe4 5. d4 d5 6. Bd3 Nc6 7. 0-0 Be7 8. c4 Nb4 9. Be2 0-0 10. Nc3 Bf5 11. a3 Nxc3 12. bxc3 Nc6 13. Re1 Re8 14. cxd5 Qxd5 15. Bf4 Rac8 16. Bd3 Qd7 17. Rb1 Bxd3 18. Qxd3 b6 19. Re3 Bf8 20. Ng5 g6 21. Ne4 Bg7 22. Rbe1 Ne7 23. R3e2 Nd5 24. Bd2 Nf6 25. Nxf6+ Bxf6 26. g3 Rxe2 27. Qxe2 Bg7 28. Qa6 c5 29. d5 Rd8 30. c4 Bd4 31. a4 Re8 32. Rxe8+ Qxe8 33. Qxa7 h5 34. Kf1 Qe4 35. Qxb6 Qh1+ 36. Ke2 Qe4+ 37. Kf1 1/2-1/2

[Event "GER GM07-B email"]
[Site "GER email"]
[Date "2018.06.19"]
[Round "?"]
[White "Bubir, Alex Nikolaevich"]
[Black "Pirs, Matjaz"]
[Result "1/2-1/2"]
[WhiteElo "2536"]
[BlackElo "2513"]
[PlyCount "75"]
[EventDate "2018.??.??"]
[EventType "tourn (corr)"]
[EventRounds "13"]
[EventCountry "GER"]
[SourceTitle "Corr 2020"]
[Source "ChessBase"]
[SourceDate "2019.09.30"]
[SourceVersion "1"]
[SourceVersionDate "2019.09.30"]
[SourceQuality "1"]

1. d4 f5 2. g3 Nf6 3. Bg2 d5 4. c4 e6 5. Nh3 Bd6 6. 0-0 0-0 7. Qb3 c6 8. Bf4 Be7 9. Nd2 h6 10. Bxb8 Rxb8 11. Nf4 Bd6 12. Nf3 g5 13. Nd3 Rf7 14. Qc2 b6 15. b4 Ba6 16. c5 Bf8 17. Nfe5 Rc7 18. Rab1 Nd7 19. cxb6 Rxb6 20. Nc5 Bxc5 21. Nxd7 Rxd7 22. bxc5 Rbb7 23. Rxb7 Rxb7 24. Rb1 Qb8 25. Rxb7 Qxb7 26. a3 Bc4 27. Bf1 Kg7 28. f4 g4 29. Kf2 h5 30. h4 Qb5 31. Qc3 Qb3 32. Qxb3 Bxb3 33. e3 Ba4 34. Ke1 a5 35. Kd2 Kf7 36. Kc3 Ke7 37. Bd3 Kd7 38. Be2 1/2-1/2

[Event "GER GM07-B email"]
[Site "GER email"]
[Date "2018.06.19"]
[Round "?"]
[White "Bubir, Alex Nikolaevich"]
[Black "Tauber, Hans"]
[Result "1/2-1/2"]
[WhiteElo "2536"]
[BlackElo "2527"]
[PlyCount "96"]
[EventDate "2018.??.??"]
[EventType "tourn (corr)"]
[EventRounds "13"]
[EventCountry "GER"]
[SourceTitle "Corr 2022"]
[Source "ChessBase"]
[SourceDate "2021.10.24"]
[SourceVersion "1"]
[SourceVersionDate "2021.10.24"]
[SourceQuality "1"]

1. e4 e6 2. d4 d5 3. Nc3 Bb4 4. e5 c5 5. a3 Bxc3+ 6. bxc3 Ne7 7. Qg4 cxd4 8. Qxg7 Rg8 9. Qxh7 Qc7 10. Ne2 dxc3 11. f4 Nbc6 12. h4 d4 13. h5 Bd7 14. Qd3 0-0-0 15. h6 Rg6 16. h7 Rh8 17. Nxd4 Nxd4 18. Qxd4 Bc6 19. Bd3 Rxg2 20. Rh3 Rg7 21. Be3 b6 22. 0-0-0 Kb7 23. Qc4 Ng6 24. a4 Rhxh7 25. Rxh7 Rxh7 26. a5 Rh8 27. Qa6+ Kb8 28. axb6 axb6 29. Bxb6 Qb7 30. Qa5 Rd8 31. Bxg6 Rxd1+ 32. Kxd1 Bf3+ 33. Kc1 fxg6 34. Qxc3 Qc6 35. Qb4 Kc8 36. Kb2 Bd5 37. Bc5 Qb7 38. Bb6 Qc6 39. Qa5 Kb7 40. Be3 Qc4 41. Qb6+ Kc8 42. Qd6 Be4 43. Qf8+ Kb7 44. Qe7+ Ka6 45. Qa7+ Kb5 46. Qb6+ Ka4 47. Qa7+ Kb5 48. Qb6+ Ka4 1/2-1/2

[Event "GER GM07-B email"]
[Site "GER email"]
[Date "2018.06.19"]
[Round "?"]
[White "Tleptsok, Ruslan Aslanovich"]
[Black "Bubir, Alex Nikolaevich"]
[Result "1/2-1/2"]
[WhiteElo "2524"]
[BlackElo "2536"]
[PlyCount "99"]
[EventDate "2018.??.??"]
[EventType "tourn (corr)"]
[EventRounds "13"]
[EventCountry "GER"]
[SourceTitle "Corr 2020"]
[Source "ChessBase"]
[SourceDate "2019.09.30"]
[SourceVersion "1"]
[SourceVersionDate "2019.09.30"]
[SourceQuality "1"]

1. d4 Nf6 2. c4 e6 3. Nf3 b6 4. g3 Ba6 5. b3 Bb4+ 6. Bd2 Be7 7. Bg2 c6 8. Ne5 d5 9. Bc3 Nfd7 10. Nxd7 Nxd7 11. Nd2 0-0 12. 0-0 Rc8 13. Re1 c5 14. cxd5 exd5 15. Rc1 Nf6 16. dxc5 bxc5 17. e3 Re8 18. Ba1 Qd7 19. Bf3 Rc6 20. Bxf6 Rxf6 21. e4 d4 22. e5 Rh6 23. Bg4 Qd5 24. Bf3 Qd7 25. Bg4 Qd5 26. Bf5 Bc8 27. Be4 Qd7 28. h4 Rf8 29. Nc4 f5 30. exf6 Bxf6 31. Qf3 Qd8 32. Qd3 Kh8 33. Rc2 g5 34. hxg5 Bxg5 35. b4 cxb4 36. Ne5 Bf6 37. Rec1 Be6 38. Nf3 Qa5 39. Nxd4 Rd8 40. Qe3 Qh5 41. Qxh6 Qxh6 42. Nxe6 Re8 43. Rc8 Qxc1+ 44. Rxc1 Rxe6 45. Rc4 a5 46. Kg2 Bd8 47. f4 Re7 48. Kf3 Rc7 49. Rd4 Be7 50. Rd5 1/2-1/2

[Event "GER GM06-B email"]
[Site "GER email"]
[Date "2017.06.26"]
[Round "?"]
[White "Dunlop, Gordon"]
[Black "Bubir, Alex Nikolaevich"]
[Result "1/2-1/2"]
[WhiteElo "2511"]
[BlackElo "2536"]
[PlyCount "55"]
[EventDate "2017.??.??"]
[EventType "tourn (corr)"]
[EventRounds "13"]
[EventCountry "GER"]
[SourceTitle "Corr 2020"]
[Source "ChessBase"]
[SourceDate "2019.09.30"]
[SourceVersion "1"]
[SourceVersionDate "2019.09.30"]
[SourceQuality "1"]

1. e4 c5 2. Nf3 Nc6 3. d4 cxd4 4. Nxd4 Nf6 5. Nc3 e5 6. Ndb5 d6 7. Bg5 a6 8. Na3 b5 9. Nd5 Be7 10. Bxf6 Bxf6 11. c3 0-0 12. Nc2 Bg5 13. a4 bxa4 14. Rxa4 a5 15. Bc4 Rb8 16. Ra2 Kh8 17. Nce3 Bxe3 18. Nxe3 Ne7 19. 0-0 f5 20. exf5 Nxf5 21. Nd5 Bb7 22. b3 Rc8 23. Qd3 Rc5 24. Rd1 Qg5 25. h3 h5 26. Qd2 Qg6 27. Qc2 Qg5 28. Qd2 1/2-1/2

[Event "GER GM06-B email"]
[Site "GER email"]
[Date "2017.06.26"]
[Round "?"]
[White "Sasikiran, Krishnan"]
[Black "Bubir, Alex Nikolaevich"]
[Result "1/2-1/2"]
[WhiteElo "2558"]
[BlackElo "2536"]
[PlyCount "125"]
[EventDate "2017.??.??"]
[EventType "tourn (corr)"]
[EventRounds "13"]
[EventCountry "GER"]
[SourceTitle "Corr 2020"]
[Source "ChessBase"]
[SourceDate "2019.09.30"]
[SourceVersion "1"]
[SourceVersionDate "2019.09.30"]
[SourceQuality "1"]

1. d4 Nf6 2. c4 e6 3. Nf3 b6 4. g3 Ba6 5. b3 Bb4+ 6. Bd2 Be7 7. Bg2 c6 8. Bc3 d5 9. Ne5 Nfd7 10. Nxd7 Nxd7 11. Nd2 0-0 12. 0-0 Rc8 13. Re1 f5 14. a4 Qe8 15. Nf3 Nf6 16. a5 Bb7 17. axb6 axb6 18. Ra7 Qd7 19. Ne5 Qc7 20. Qc2 Ra8 21. Rea1 Rxa7 22. Rxa7 Ra8 23. Rxa8+ Bxa8 24. b4 Bb7 25. c5 Nd7 26. Nf3 Ba6 27. Bd2 Nf6 28. h4 Qb7 29. Ng5 Qc8 30. Bf4 h6 31. Nf3 Bb5 32. Ne5 bxc5 33. dxc5 Nd7 34. Nxd7 Qxd7 35. Be5 Kf7 36. e3 Qa7 37. g4 Bxh4 38. gxf5 Qe7 39. e4 exf5 40. Bd6 Qg5 41. exd5 cxd5 42. Qd1 Bc6 43. Qd4 Qg4 44. Qxg4 fxg4 45. Bf1 Be7 46. Be5 Ba4 47. Ba6 h5 48. c6 Bxc6 49. b5 Ba8 50. b6 Ke6 51. Bg3 d4 52. Bc8+ Kf6 53. b7 Bxb7 54. Bxb7 d3 55. Be4 d2 56. Bc2 g5 57. Bc7 h4 58. Ba5 g3 59. fxg3 d1B 60. Bxd1 hxg3 61. Bc7 Bc5+ 62. Kg2 Bf2 63. Bg4 1/2-1/2

[Event "GER GM06-B email"]
[Site "GER email"]
[Date "2017.06.26"]
[Round "?"]
[White "Shpakovsky, Aleksandr Nikolaevi"]
[Black "Bubir, Alex Nikolaevich"]
[Result "1/2-1/2"]
[WhiteElo "2531"]
[BlackElo "2536"]
[PlyCount "48"]
[EventDate "2017.??.??"]
[EventType "tourn (corr)"]
[EventRounds "13"]
[EventCountry "GER"]
[SourceTitle "Corr 2020"]
[Source "ChessBase"]
[SourceDate "2019.09.30"]
[SourceVersion "1"]
[SourceVersionDate "2019.09.30"]
[SourceQuality "1"]

1. d4 Nf6 2. c4 e6 3. Nc3 Bb4 4. f3 c5 5. d5 0-0 6. e4 d6 7. Nge2 b5 8. Ng3 Bb7 9. a3 Bxc3+ 10. bxc3 bxc4 11. dxe6 fxe6 12. Bxc4 d5 13. Rb1 Bc6 14. Bb3 Qa5 15. 0-0 Qxc3 16. exd5 Bxd5 17. Bxd5 exd5 18. Re1 Nbd7 19. Nf5 Rae8 20. Rxe8 Rxe8 21. Bb2 Qa5 22. Bxf6 Nxf6 23. Nd6 Rf8 24. Qe2 h6 1/2-1/2